000 00718nam a2200205Ia 4500
003 GCL
008 140319s9999 xx 000 0 ara d
040 _aGCL /
_cGCL
082 0 4 _a575.1
_bك ش
100 1 _aاحمد مستجير
245 1 0 _aالشفرة الوراثية للانسان: القضايا العلمية والاجتماعية لمشروع الجينوم البشرى ( عالم المعرفة 217 ) /
_cاحمد مستجير
700 1 _aكيفلس, دانييل
700 1 _aهود, ليروى
300 _a462 ص
490 _aعالم المعرفة
_v0
650 0 4 _aالوراثة
650 0 4 _aالهندسة الوراثية
650 0 4 _aالاحياء، علم
942 _2ddc
_cBK
999 _c51542
_d51542